LEADER 04868nas a2200865 a 4500
001 c000156545
003 CARM
005 20071005132110.0
008 751001c19539999cauqx1p 0 a0eng d
010 |a 56038132 
019 1 |a 1140514  |z 42699601  |5 LACONCORD2021 
022 |a 0037-7791 
022 0 |a 0037-7791 
030 |a SOPRAG 
032 |a 500100  |b USPS 
035 |a (OCoLC)1667861  |5 LACONCORD2021 
037 |b Journals Dept., University of California Press, 2120 Berkeley Way, Berkeley, CA 94720 
040 |a LC  |b eng  |c LC  |d LC 
042 |a nsdp  |a lc 
050 0 0 |a HN1  |b .S58 
060 0 0 |a W1 SO123 
070 0 |a HM1  |b S6 
082 0 0 |a 361.1  |2 19 
082 0 0 |a 301.153 
082 0 4 |a 301.153 
082 0 4 |a 301.46* 
210 0 |a Soc. probl 
222 0 |a Social problems 
245 0 0 |a Social problems. 
260 |a Berkeley, CA [etc.] :  |b Published by the University of California Press for the Society for the Study of Social Problems [etc.]. 
300 |a v. ;  |c 24 cm. 
310 |a 5 no. a year  |b <, 1975-> 
321 |a Quarterly,  |b 1953- 
362 0 |a v. 1- June 1953- 
510 1 |a Social sciences index  |x 0094-4920 
510 1 |a Sociological abstracts  |x 0038-0202 
510 2 |a America, history and life  |x 0002-7065  |b 1974- 
510 2 |a Bibliography of agriculture  |x 0006-1530 
510 2 |a Current index to journals in education  |x 0011-3565 
510 2 |a Excerpta medica 
510 2 |a Historical abstracts. Part A. Modern history abstracts  |x 0363-2717  |b 1974- 
510 2 |a Historical abstracts. Part B. Twentieth century abstracts  |x 0363-2725  |b 1974- 
510 2 |a Psychological abstracts  |x 0033-2887  |b 1954- 
510 2 |a Public Affairs Information Service bulletin  |x 0033-3409 
510 2 |a Social welfare, social planning/policy & social development  |x 0195-7988 
510 2 |a Women studies abstracts  |x 0049-7835 
530 |a Also available via World Wide Web;  |b OCLC FirstSearch Electronic Collections Online;  |c Subscription required for access to abstracts and full text. 
550 |a Official journal of the Society for the Study of Social Problems 
555 |a Vols. 1-17, 1952-1970. 1 v.; vols. 18-27, 1970-1980. 1 v. 
650 0 |a Social problems  |x Periodicals. 
710 2 |a Society for the Study of Social Problems (U.S.) 
776 1 |t Social problems (Online)  |w (OCoLC)1667861 
856 4 |u http://firstsearch.oclc.org  |z Address for accessing the journal using authorization number and password through OCLC FirstSearch Electronic Collections Online. Subscription to online journal required for access to abstracts and full text 
856 4 |u http://firstsearch.oclc.org/journal=0037-7791;screen=info;ECOIP  |z Address for accessing the journal from an authorized IP address through OCLC FirstSearch Electronic Collections Online. Subscription to online journal required for access to abstracts and full text 
852 8 |b CARM  |h A2:AI07E0  |i C04218  |p 0143691  |f SE 
852 8 |b CARM  |h A1:AQ33C0  |i C09287  |p 0342729  |f SE 
852 8 |b CARM  |h A1:AQ33C0  |i C09284  |p 0342730  |f SE 
852 8 |b CARM  |h A1:AP22F0  |i C09316  |p 0375006  |f SE 
852 8 |b CARM  |h A1:AP22F0  |i C09318  |p 0375007  |f SE 
852 8 |b CARM  |h A1:AP22F0  |i C09318  |p 0375008  |f SE 
852 8 |b CARM  |h A1:AN36E0  |i C09897  |p 0390736  |f SE 
852 8 |b CARM  |h A1:AN38E0  |i C09902  |p 0379964  |f SE 
852 8 |b CARM  |h A1:AN38E0  |i C09904  |p 0379974  |f SE 
866 0 |a 18:1(1970:Sum)-48:4(2001:11) Inc. 
866 0 |a 18:1(1970:Sum)-48:4(2001:11) Inc. 
999 f f |i 9420e74d-15ad-5bc8-9fd1-0c299519cfbd  |s 64e4f2cf-cbec-5b33-a0f5-da665d49fccb 
952 f f |p Can circulate  |a CAVAL  |b CAVAL  |c CAVAL  |d CARM 1 Store  |e C09284  |f A1:AQ33C0  |h Other scheme  |i book  |k 42(1995)-43(1996)  |m 0342730 
952 f f |p Can circulate  |a CAVAL  |b CAVAL  |c CAVAL  |d CARM 1 Store  |e C09904  |f A1:AN38E0  |h Other scheme  |i book  |k 48:1(2001:02)-48:4(2001:11)  |m 0379974 
952 f f |p Can circulate  |a CAVAL  |b CAVAL  |c CAVAL  |d CARM 1 Store  |e C09287  |f A1:AQ33C0  |h Other scheme  |i book  |k 26:1(1978:10)-26:5(1979:06); 31:1(1983:10)-34:5(1987:12); 37(1990); 39(1992)-41(1994)  |m 0342729 
952 f f |p Can circulate  |a CAVAL  |b CAVAL  |c CAVAL  |d CARM 1 Store  |e C09897  |f A1:AN36E0  |h Other scheme  |i book  |k 46:1(1999:02)-46:4(1999:11)  |m 0390736 
952 f f |p Can circulate  |a CAVAL  |b CAVAL  |c CAVAL  |d CARM 1 Store  |e C09316  |f A1:AP22F0  |h Other scheme  |i book  |k 35(1988)-36(1989)  |m 0375006 
952 f f |p Can circulate  |a CAVAL  |b CAVAL  |c CAVAL  |d CARM 1 Store  |e C09902  |f A1:AN38E0  |h Other scheme  |i book  |k 44:1(1997:02)-45:4(1998:11);47:1(2000:02)-47:4(2000:11)  |m 0379964 
952 f f |p Can circulate  |a CAVAL  |b CAVAL  |c CAVAL  |d CARM 1 Store  |e C09318  |f A1:AP22F0  |h Other scheme  |i book  |k 27(1979/80)-30(1982/83)  |m 0375007 
952 f f |p Can circulate  |a CAVAL  |b CAVAL  |c CAVAL  |d CARM 1 Store  |e C04218  |f A2:AI07E0  |h Other scheme  |i book  |k 18:1(1970:Sum)-21:1(1973:Sum),21:3(1974)-26:2(1978:12)  |m 0143691 
952 f f |p Can circulate  |a CAVAL  |b CAVAL  |c CAVAL  |d CARM 1 Store  |e C09318  |f A1:AP22F0  |h Other scheme  |i book  |k 38(1991)  |m 0375008